Qué mundo de hormigas / (Registro nro. 19899)

Detalles MARC
000 -CABECERA
Campo de control 00877nam a2200253 a 4500
005 - FECHA Y HORA DE LA ULTIMA TRANSACCION
Campo de control 20170927170650.0
008 - ELEMENTOS DE LONGITUD FIJA—INFORMACION GENERAL
Campo de control 080604s2009 ck a jr 00010dspa d
020 ## - ISBN
ISBN 9589798160
040 ## - FUENTE DE CATALOGACIÓN
Agencia catalogadora original CO-BoBLA
Agencia transcriptora CO-BoBLA
Agencia Modificadora Co-BoIAvH
041 ## - IDIOMA
Código de idioma para texto/pista de sonido o título separado Español
044 ## - PAÍS DE PUBLICACIÓN
País de publicación Colombia
082 04 - NUMERO DE CLASIFICACION DECIMAL DEWEY
Número de clasificación I595.796
090 ## - CLASIFICACIÓN LOCAL
Colección I-CUE-
Consecutivo 08
100 1# - ASIENTO PRINCIPAL--NOMBRE PERSONAL
Nombre personal Uribe Hurtado, Cristina,
Fechas asociadas con el nombre 1956-
9 (RLIN) 85375
245 10 - MENCION DE TITULO
Título Qué mundo de hormigas /
Mención de responsabilidad texto y fotografías Cristina Uribe.
250 ## - MENCION DE EDICION
Mención de edición Segunda edición
260 3# - PUBLICACION, DISTRIBUCION, ETC. (PIE DE IMPRENTA)
Lugar de publicación, distribución, etc. Bogotá :
Nombre del editor, distribuidor, etc. Cristina Uribe Ediciones,
Fecha de publicación, distribución, etc. 2009.
300 ## - DESCRIPCION FISICA
Extensión 33 páginas :
Otros detalles físicos fotografías a color ;
Dimensiones 23 centímetros.
490 ## - MENCION DE SERIE
Mención de serie Libros Educativos - Aprendiendo sobre el mundo en que vivimos
500 ## - NOTA GENERAL
Nota general Glosario : páginas 32-33.
650 ## - ASIENTO SECUNDARIO DE MATERIA - TERMINO TEMATICO
Término temático o nombre geográfico como elemento de entrada Hormigas
Subdivisión general Hábitos y conducta
Subdivisión de forma Literatura juvenil.
9 (RLIN) 85376
650 ## - ASIENTO SECUNDARIO DE MATERIA - TERMINO TEMATICO
Término temático o nombre geográfico como elemento de entrada Hormigas
Subdivisión de forma Fotografías.
9 (RLIN) 85377
942 ## - ELEMENTOS ADICIONALES (KOHA)
Sistema de clasificación Local
Tipo de ítem Libro
Existencias
Withdrawn status Lost status Sistema de Clasificación Damaged status No para préstamo Colección Inventariado Ubicación Permanente Ubicación actual Fecha de adquisición Fuente de Valor Valor Total Checkouts Número topográfico Inventario / Código de Barras Date last seen Date checked out Ejemplar Price effective from Forma de adquisición Tipo de material
    Local     Infantil Inventariado 2017 Bogotá Bogotá 27/09/2017 Lerner 35000.00 1 I-CUE-08 042699 02/05/2018 17/04/2018 Ej. 1 27/09/2017 Compra Libro